Catálogo
 En Linea

Principales asociaciones empresariales en el Distrito Nacional e instituciones que apoyan el desarrollo. (Registro nro. 4883)

Detalles MARC
000 -CABECERA
campo de control de longitud fija 01101nam a2200217 a 4500
001 - NÚMERO DE CONTROL
campo de control 000005079
005 - FECHA Y HORA DE LA ÚLTIMA TRANSACCIÓN
campo de control 20200929151556.0
008 - DATOS DE LONGITUD FIJA--INFORMACIÓN GENERAL
campo de control de longitud fija 090729s1991 dr r 001 0 spa d
040 ## - FUENTE DE LA CATALOGACIÓN
Centro catalogador/agencia de origen DO-SdBNP
Lengua de catalogación spa
Centro/agencia transcriptor BNPHU
082 ## - NÚMERO DE LA CLASIFICACIÓN DECIMAL DEWEY
Número de clasificación R341.2427
Número de documento/Ítem P964c, 1991
110 1# - ENTRADA PRINCIPAL--NOMBRE DE ENTIDAD CORPORATIVA
Nombre de entidad corporativa o nombre de jurisdicción como elemento de entrada Programa de Cooperación Empresarial Dominico-Alemán (PROCEDA)
9 (RLIN) 14590
245 10 - MENCIÓN DE TÍTULO
Título Principales asociaciones empresariales en el Distrito Nacional e instituciones que apoyan el desarrollo.
250 ## - MENCIÓN DE EDICIÓN
Mención de edición 2ª ed. actualizada y rev.
260 ## - PUBLICACIÓN, DISTRIBUCIÓN, ETC.
Lugar de publicación, distribución, etc. Santo Domingo :
Nombre del editor, distribuidor, etc. Búho,
Fecha de publicación, distribución, etc. 1991.
300 ## - DESCRIPCIÓN FÍSICA
Extensión 135 p. ;
Dimensiones 21 cm.
505 0# - NOTA DE CONTENIDO CON FORMATO
Información miscelánea Prefacio --
Título Asociación de micropequeños y medianos empresarios --
-- Asociación de grandes empresarios --
-- Asociación de promoción de imversiones --
-- Asociaciones empresariales ligadas al comercio exterior --
-- Asociación de diferentes áreas industriales --
-- Instituciones que apoyan al sector empresarial.
590 ## - NOTA LOCAL (RLIN)
Nota local Inventariado, 2018/BT
650 #4 - PUNTO DE ACCESO ADICIONAL DE MATERIA--TÉRMINO DE MATERIA
Término de materia o nombre geográfico como elemento de entrada Asociaciones empresariales
Subdivisión general Guías
9 (RLIN) 14591
650 #4 - PUNTO DE ACCESO ADICIONAL DE MATERIA--TÉRMINO DE MATERIA
Término de materia o nombre geográfico como elemento de entrada Cooperación intergubernamental
Subdivisión general Guías
9 (RLIN) 14592
910 ## - DATOS DE OPCIÓN DEL USUARIO (OCLC)
Datos de opción del usuario Validado. Control de calidad. EMS
Existencias
Estado de retiro Estado de pérdida No para préstamo Código de colección Localización permanente Ubicación/localización actual Ubicación en estantería Fecha de adquisición Número de inventario Total de préstamos Signatura topográfica completa Código de barras Fecha visto por última vez Precio válido a partir de Tipo de ítem Koha Número de copia
    Excluido de préstamo Patrimonio Dominicano Patrimonio Dominicano Patrimonio Dominicano Depósito 29.07.2009 LF1   R341.2427 P964c, 1991 5079-10 25.06.2020 25.06.2020 Libro y Folleto Colección Patrimonio Dominicano  
    Excluido de préstamo Patrimonio Dominicano Patrimonio Dominicano Patrimonio Dominicano Depósito 29.07.2009 LF1   R341.2427 P964c, 1991 5079-20 25.06.2020 25.06.2020 Libro y Folleto Colección Patrimonio Dominicano e.2

Con tecnología Koha